Music Quiz

Random Music or Song Quiz

UK Top 100 Singles: March 11, 2016 Quiz Stats

 Plays Quiz not verified by Sporcle

Challenge
Share
Tweet
Embed
Score 0/100 Timer 10:00
0 Plays Today
artist song % Correct
Lukas Graham7 Years
86.3%
Rihanna ft. DrakeWork
86.3%
Justin BieberSorry
82.4%
AdeleHello
82.4%
Justin BieberLove Yourself
80.4%
ZaynPillowtalk
76.5%
Shawn MendesStitches
70.6%
Mark Ronson ft. Bruno MarsUptown Funk
70.6%
Mike PosnerI Took A Pill In Ibiza
66.7%
Justin BieberWhat Do You Mean
64.7%
Fifth Harmony ft. Ty Dolla $ignWork From Home
62.7%
The WeekndThe Hills
62.7%
ColdplayHymn For The Weekend
60.8%
Little MixBlack Magic
60.8%
twenty one pilotsStressed Out
58.8%
HozierTake Me To Church
58.8%
Zara LarssonLush Life
56.9%
AdeleWhen We Were Young
56.9%
G-Eazy ft. Bebe RexhaMe Myself & I
56.9%
One DirectionHistory
56.9%
StormzyShut Up
56.9%
SiaChandelier
56.9%
Charlie Puth ft. Meghan TrainorMarvin Gaye
56.9%
Sia ft. Sean PaulCheap Thrills
54.9%
ColdplayAdventure Of A Lifetime
54.9%
The WeekndCan't Feel My Face
54.9%
Skrillex & Diplo ft. Justin BieberWhere Are U Now
54.9%
Years & YearsKing
54.9%
Walk The MoonShut Up & Dance
54.9%
OmiCheerleader
54.9%
Jonas Blue & DakotaFast Car
52.9%
Little Mix ft. Jason DeruloSecret Love Song
52.9%
Elle KingEx's And Oh's
52.9%
Fetty WapTrap Queen
52.9%
artist song % Correct
Little MixLove Me Like You
52.9%
Robin Schulz ft. Francesco YatesSugar
51%
Major Lazer & DJ Snake ft. MOLean On
51%
James BayHold Back The River
51%
James BayLet It Go
49%
DrakeHotline Bling
49%
Rachel PlattenFight Song
49%
Zara Larsson & MNEKNever Forget You
47.1%
The Chainsmokers ft. RozesRoses
47.1%
Meghan TrainorNo
47.1%
Bryson TillerDon't
47.1%
Fleur EastSax
47.1%
Ed SheeranThinking Out Loud
47.1%
One DirectionPerfect
47.1%
Charlie PuthOne Call Away
45.1%
Selena GomezHands To Myself
45.1%
DNCECake By The Ocean
45.1%
Rudimental ft. Ed SheeranLay It All On Me
45.1%
Jess GlynneHold My Hand
45.1%
Alessia CaraHere
45.1%
Fetty Wap ft. Monty679
43.1%
Jason DeruloWant To Want Me
43.1%
Ellie GouldingLove Me Like You Do
43.1%
Major Lazer ft. NylaLight It Up
41.2%
Calvin Harris & DisciplesHow Deep Is Your Love
41.2%
Grace ft. G-EazyYou Don't Own Me
39.2%
Naughty Boy ft. Beyoncé & Arrow BenjaminRunnin (Lose It All)
39.2%
Tinie Tempah ft. Zara LarssonGirls Like
37.3%
Snakehips ft. Tinashe & Chance the RapperAll My Friends
35.3%
David Guetta ft. Sia & Fetty WapBang My Head
35.3%
Years & YearsEyes Shut
35.3%
Ed SheeranPhotograph
35.3%
99 Souls ft. Destiny's Child & BrandyGirl Is Mine
33.3%
Ellie GouldingArmy
33.3%
artist song % Correct
SiaAlive
33.3%
Lost FrequenciesAre You With Me
33.3%
Alan WalkerFaded
31.4%
Jason DeruloGet Ugly
31.4%
Kygo ft. Maty NoyesStay
31.4%
Jess GlynneTake Me Home
29.4%
The 1975The Sound
27.5%
Sigala ft. Bryn ChristopherSweet Lovin'
27.5%
Jess GlynneDon't Be So Hard On Yourself
27.5%
Olly MursKiss Me
27.5%
Kendrick LamarUntitled 02 - 06.23.2014
25.5%
Flo RidaMy House
25.5%
Kendrick LamarUntitled 03 - 05.28.2013
25.5%
Years & YearsDesire
25.5%
Kendrick LamarUntitled 01 - 08.19.2014
25.5%
Kendrick LamarUntitled 07 - 2014-2016
25.5%
WstrnIn2
23.5%
Sigma ft. Rita OraComing Home
21.6%
Diplo & Sleepy TomBe Right There
19.6%
Drake & FutureJumpman
19.6%
Sigala ft. Imani & DJ FreshSay You Do
17.6%
DawinDessert
17.6%
AlunaGeorge ft. PopcaanI'm In Control
17.6%
Flume ft. KaiNever Be Like You
17.6%
Craig David & Big NarstieWhen The Bassline Drops
15.7%
Riton ft. Kah-LoRinse & Repeat
13.7%
Tiesto & Oliver Heldens ft. Natalie La RoseThe Right Song
13.7%
Jess GlynneAin't Got Far To Go
13.7%
DrakeSummer Sixteen
9.8%
Anne-MarieDo It Right
9.8%
Jack GarrattWorry
7.8%
Rudimental ft. Anne-Marie & HeardRumour Mill
7.8%

You're not logged in!

Compare scores with friends on all Sporcle quizzes.
OR
Log In

You Might Also Like...

Show Comments

Extras

Top Quizzes Today


Score Distribution

Your Account Isn't Verified!

In order to create a playlist on Sporcle, you need to verify the email address you used during registration. Go to your Sporcle Settings to finish the process.

Report this User

Report this user for behavior that violates our Community Guidelines.

Details: